España regional / (Record no. 98498)
[ view plain ]
| 000 -LEADER | |
|---|---|
| campo de control de longitud fija | 00975nam a2200241 i 4500 |
| 001 - NÚMERO DE CONTROL | |
| campo de control | 98498 |
| 003 - IDENTIFICADOR DE NÚMERO DE CONTROL | |
| campo de control | ES-MaACL |
| 005 - FECHA Y HORA DE LA ÚLTIMA TRANSACCIÓN | |
| campo de control | 20230906182310.0 |
| 007 - CAMPO FIJO DE DESCRIPCIÓN FÍSICA--INFORMACIÓN GENERAL | |
| campo de control de longitud fija | t| |
| 008 - DATOS DE LONGITUD FIJA--INFORMACIÓN GENERAL | |
| campo de control de longitud fija | 050923m19131919sp ||||1| spa d |
| 080 ## - NÚMERO DE LA CLASIFICACIÓN DECIMAL UNIVERSAL | |
| Número de la Clasificación Decimal Universal | 914.60 |
| 100 1# - ENTRADA PRINCIPAL--NOMBRE DE PERSONA | |
| Nombre de persona | Rocafort, Ceferino. |
| 9 (RLIN) | 98020 |
| 245 10 - MENCIÓN DEL TÍTULO | |
| Título | España regional / |
| Mención de responsabilidad, etc. | descripción por Ceferino Rocafort y Casimiro Dalmau ; cartas corográficas por el comandante de ingenieros Benito Chías y Carbó y otros facultativos. |
| 250 ## - MENCION DE EDICION | |
| Mención de edición | 2ª ed. corr. |
| 260 ## - PUBLICACIÓN, DISTRIBUCIÓN, ETC. | |
| Lugar de publicación, distribución, etc. | Barcelona : |
| Nombre del editor, distribuidor, etc. | Alberto Martín, |
| Fecha de publicación, distribución, etc. | [1913-1919] |
| 300 ## - DESCRIPCIÓN FÍSICA | |
| Extensión | 4 v. : |
| Otras características físicas | il., map. col., plan. col. ; |
| Dimensiones | 39 cm. |
| 500 ## - NOTA GENERAL | |
| Nota general | Fecha tomada de Palau, 271677. El epílogo del vol. 2 está fechado en 1918. |
| 505 8# - NOTA DE CONTENIDO CON FORMATO | |
| Nota de contenido con formato | Contiene: v. 1: Texto, primera parte -- v. 2: Texto, segunda parte -- v. 3: Planos -- v. 4: Mapas |
| 651 #4 - PUNTO DE ACCESO ADICIONAL DE MATERIA--NOMBRE GEOGRÁFICO | |
| Nombre geográfico | España- |
| Subdivisión general | Geografía. |
| 9 (RLIN) | 8200 |
| 700 1# - ENTRADA AGREGADA--NOMBRE PERSONAL | |
| Nombre de persona | Dalmau, Casimiro. |
| 9 (RLIN) | 42510 |
| 700 1# - ENTRADA AGREGADA--NOMBRE PERSONAL | |
| Nombre de persona | Chias y Carbó, Benito. |
| 9 (RLIN) | 38472 |
| 852 ## - LOCALIZACIÓN | |
| Ubicación | ES-MaACL |
| Número de control de estantería | R-3295-8 |
| Estatus retirado | Estado de pérdida | Estado de daño | No para préstamo | Biblioteca de origen | Biblioteca actual | Ubicación en estantería | Fecha de adquisición | Fuente de adquisición | Total de préstamos | Signatura topográfica completa | Código de barras | Visto por última vez | Precio de reemplazo | Tipo de ítem Koha |
|---|---|---|---|---|---|---|---|---|---|---|---|---|---|---|
| Biblioteca del Ateneo de Madrid | Biblioteca del Ateneo de Madrid | Depósito | 17/01/2008 | R-3295-8 | 1102832 | 23/02/2023 | 23/02/2023 | Libro impreso |
